00505nam a22001697a 4500003000400000005001700004008004100021020002200062040000900084082002800093100001500121245003200136250000600168260003300174300000900207650011900216OSt20240212152552.0240212b |||||||| |||| 00| 0 eng d a978-93-5482-549-1 csbcl a894.812 1 SAN-Kb142241 aSangeeta,R aKaittinemeikkunna Pennkutty a1 aKottayambDC BookscJune2022 a99p. 2Literature (Belles-lettres) and rhetoricaLiteratures of other languagesvAltaic, Uralic, Hyperborean & Dravidian